Statistiques concernant Nommez le leader mondial (années 2010) - Quiz d'images

Cliquez ici pour prendre le quiz!

Statistiques générales

  • Ce quiz a été pris 179 fois
  • Le résultat moyen est 13 sur 18

Statistiques - réponses

Réponse% Correct
Barqack Obama
99%
Donald Trump
99%
Emmanuel Macron
99%
François Hollande
96%
Angela Merkel
94%
François
89%
Kim Jong-un
88%
Albert II
79%
Justin Trudeau
78%
Recep Tayyip Erdoğan
77%
Theresa May
72%
Xi Jinping
67%
Bachar el-Assad
65%
Nicolas Maduro
50%
Benyamin Netanyahou
43%
Dmitri Medvedev
42%
Mahmoud Abbas
22%
Evo Morales
21%

Distribution des résultats

Percentile par nombre de réponses

% des personnes avec chaque résultat

Votre développement - résultats

Vous n’avez pas pris ce quiz